000 00421nam a22001697a 4500
005 20180227153945.0
008 160623b xxu||||| |||| 00| 0 eng d
020 _a978-81-203-3819-7
041 _aeng
082 _b9368
_a005.1
100 _aMall, Rajib
_94178
245 _aFundamentals of Software Engineering
250 _a3rd ed.
260 _bPHI LEARNING PVT LTD
_c2009
_aNEW DELHI
300 _a441
942 _cBK
999 _c3684
_d3683